000 00484nam a22000977a 4500
008 170116b xxu||||| |||| 00| 0 eng d
100 _aBierman, Stanley
245 _aA list of handbooks, periodicals and auction catalogs in the Bierman Philatelic Library
260 _bStanley M. Bierman
_c1985
650 _aLibrary Catalogs | United States -- California | Libraries and Museums | Bibliographies | Periodicals | Auction Catalogs | Great Britain -- Bibliographies | Bierman Philatelic Library
999 _c2202
_d2202